[Event "CP-2010-P-00035"]
[Site "LSS email"]
[Date "2010.09.28"]
[Round "?"]
[White "Jirasko, Martin"]
[Black "Rudolf, Michal"]
[Result "0-1"]
[WhiteElo "1322"]
[BlackElo "2231"]
[PlyCount "46"]
[EventDate "2010.10.01"]
[EventType "tourn (corr)"]
[EventRounds "6"]
[EventCountry "GER"]
[SourceTitle "Telechess CBM 151"]
[Source "ChessBase"]
[SourceDate "2012.11.13"]
[SourceVersion "1"]
[SourceVersionDate "2012.11.13"]
[SourceQuality "1"]

1. c4 Nf6 2. g3 g6 3. Nf3 Bg7 4. d4 0-0 5. Bg2 d6 6. Nc3 c6 7. e4 Qa5 8. 0-0 Bg4 9. Qc2 Nfd7 10. Be3 c5 11. Nd5 Nc6 12. dxc5 Bxf3 13. Bxf3 e6 14. Nf4 dxc5 15. Rfd1 Rad8 16. a3 Nd4 17. Bxd4 Bxd4 18. b4 Qc7 19. Ra2 Ne5 20. Bg2 cxb4 21. axb4 Qxc4 22. Qxc4 Nxc4 23. Rc2 Ne3 0-1

[Event "CP-2010-P-00035"]
[Site "LSS email"]
[Date "2010.09.28"]
[Round "?"]
[White "Rodriguez, Armando"]
[Black "Jirasko, Martin"]
[Result "0-1"]
[WhiteElo "877"]
[BlackElo "1322"]
[PlyCount "54"]
[EventDate "2010.10.01"]
[EventType "tourn (corr)"]
[EventRounds "6"]
[EventCountry "GER"]
[SourceTitle "Telechess CBM 151"]
[Source "ChessBase"]
[SourceDate "2012.11.13"]
[SourceVersion "1"]
[SourceVersionDate "2012.11.13"]
[SourceQuality "1"]

1. g3 e5 2. Bg2 Nf6 3. e4 Bc5 4. Ne2 Nc6 5. Nbc3 Ng4 6. d3 Nxf2 7. Qd2 Nxh1 8. Bxh1 d6 9. Nd5 0-0 10. c3 a6 11. d4 Ba7 12. dxe5 Nxe5 13. b3 c6 14. Ndf4 Bg4 15. Ba3 Bb8 16. 0-0-0 c5 17. Nd5 Qa5 18. Ne7+ Kh8 19. Nf5 Qxa3+ 20. Qb2 Qxb2+ 21. Kxb2 Bxe2 22. Rd5 Rd8 23. Bg2 b5 24. Kc2 c4 25. bxc4 Bxc4 26. Rd2 Bxa2 27. Kb2 Nc4+ 0-1

[Event "OP-2010-0-01196"]
[Site "LSS email"]
[Date "2010.07.01"]
[Round "?"]
[White "Jirasko, Martin"]
[Black "Fuller, Christopher"]
[Result "1-0"]
[WhiteElo "1322"]
[BlackElo "863"]
[PlyCount "75"]
[EventDate "2010.06.26"]
[EventType "tourn (corr)"]
[EventRounds "4"]
[EventCountry "GER"]
[SourceTitle "Telechess CBM 143"]
[Source "ChessBase"]
[SourceDate "2011.07.15"]
[SourceVersion "1"]
[SourceVersionDate "2011.07.15"]
[SourceQuality "1"]

1. c4 c5 2. Nc3 g6 3. Nf3 Nf6 4. d4 cxd4 5. Nxd4 Bg7 6. g3 0-0 7. Bg2 Qc7 8. b3 d6 9. Qc2 Be6 10. Nxe6 fxe6 11. 0-0 d5 12. Nb5 Qd7 13. Rd1 Ng4 14. Bb2 Bxb2 15. Qxb2 Rd8 16. Nc3 d4 17. e3 e5 18. exd4 exd4 19. Nb5 a6 20. Rxd4 axb5 21. Rxd7 Rxd7 22. cxb5 Nf6 23. Rc1 h6 24. Rc8+ Kh7 25. Qe5 Rxa2 26. Qxb8 Ra1+ 27. Bf1 Kg7 28. Rh8 Kf7 29. Kg2 Rxf1 30. Kxf1 h5 31. Rd8 Rxd8 32. Qxd8 Ne8 33. Qd5+ e6 34. Qxb7+ Kf8 35. Qc8 g5 36. b6 Ke7 37. b7 Nf6 38. b8Q 1-0

[Event "OP-2010-0-01196"]
[Site "LSS email"]
[Date "2010.07.01"]
[Round "?"]
[White "Kolar, Jaroslav"]
[Black "Jirasko, Martin"]
[Result "1-0"]
[WhiteElo "1838"]
[BlackElo "1322"]
[PlyCount "61"]
[EventDate "2010.06.26"]
[EventType "tourn (corr)"]
[EventRounds "4"]
[EventCountry "GER"]
[SourceTitle "Telechess CBM 143"]
[Source "ChessBase"]
[SourceDate "2011.07.15"]
[SourceVersion "1"]
[SourceVersionDate "2011.07.15"]
[SourceQuality "1"]

1. Nf3 Nf6 2. c4 e6 3. b3 d5 4. Bb2 Be7 5. g3 0-0 6. Bg2 c5 7. cxd5 Nxd5 8. 0-0 Nc6 9. Nc3 Nxc3 10. Bxc3 Qc7 11. Qc2 Bd6 12. Qb2 f6 13. d4 Ne7 14. Rfd1 Bd7 15. dxc5 Bxc5 16. Rac1 Bc6 17. b4 Bb6 18. b5 Bxf3 19. Bxf3 Qb8 20. Bg4 f5 21. Bh5 g6 22. Bf3 Rf7 23. Be5 Qe8 24. Bxb7 Rd8 25. Qb3 Rxd1+ 26. Rxd1 Nc8 27. Bc6 Qe7 28. Bd7 Qc5 29. Qxe6 Qxf2+ 30. Kh1 Ne7 31. Be8 1-0